|
|
|
|
| LEADER |
00000nam a22000007a 4500 |
| 005 |
20220718213925.0 |
| 007 |
cr|||| |||| |
| 008 |
220718s2020 br |||||s|||| 00||0 por d |
| 020 |
|
|
|a 978859374186-9
|
| 035 |
|
|
|a 36717
|
| 040 |
|
|
|a vLex
|
| 090 |
|
|
|c 13568
|d 13568
|
| 100 |
1 |
|
|a Alves Vasconcelos, Priscila Elise
|
| 245 |
1 |
1 |
|a A funȯ̂ socioambiental das cidades
|h [Recurso electrn̤ico] :
|b O uso de energias renovv̀eis e a cogeraȯ̂ advinda de resd̕uos agroindustriais /
|c Priscila Elise Alves Vasconcelos
|
| 256 |
|
|
|a Servicio en ln̕ea
|
| 260 |
|
|
|a Rio de Janeiro:
|b Editora Processo,
|c 2020
|
| 300 |
|
|
|a 1 recurso electrn̤ico
|
| 500 |
|
|
|a A busca pela sustentabilidade atinge os mais diversos setores. Com essa ńsia e a fim de respeitar as diretrizes definidas pela Organizaȯ̂ das Naė̳s Unidas – ONU -, as cidades passaram a tomar medidas que viabilizassem a aplicaȯ̂ da Agenda 2030. Nesse diapasô, vem o princp̕io da funȯ̂ socioambiental das cidades que abrange as medidas capazes de atingir o desenvolvimento sustentv̀el – e consequente cumprimento de alguns objetivos da Agenda 2030 – bem como a reduȯ̂ do passivo ambiental. A pesquisa ̌feita com base na cogeraȯ̂ de energias advindas de resd̕uos agroindustriais e seu impacto nô apenas na reduȯ̂ de passivo ambiental como tambm̌ na busca pela ecoeficin̊cia energťica e socioambiental dos centros urbanos. Aproveitem a leitura da obra e faȧmos nossa parte para um mundo melhor!
|
| 506 |
1 |
|
|a Disponible solo en los productos indicados
|d vLex Global
|d vLex Global (Academic Edition, excluding Law Schools)
|d vLex Global (U.S. Academic Edition, Law Schools)
|d vLex Global (U.S. Academic Edition, excluding Law Schools)
|d vLex Global (Academic Edition, Law Schools)
|
| 650 |
0 |
4 |
|a Derecho del Medio Ambiente
|z Brasil
|
| 740 |
0 |
|
|a vLex Libros (Servicio en ln̕ea)
|
| 856 |
4 |
0 |
|u https://app.vlex.com/#/sources/36717
|z Acceso restringido
|
| 942 |
|
|
|c BOOK
|
| 999 |
0 |
|
|a Environmental Law
|